| 000 | 00798nam a2200217 a 4500 | ||
|---|---|---|---|
| 003 | PILC | ||
| 005 | 20160205073526.0 | ||
| 008 | 121201s19uu xx 00 eng d | ||
| 020 | _a9781118172711 | ||
| 050 |
_aBF 448 _b.M66 2012 |
||
| 100 | _aMooz, Hal. | ||
| 245 |
_aMake up your mind : _ba decision-making guide to thinking clearly and choosing wisely / _cHal Mooz. |
||
| 260 |
_aHoboken, N.J : _bWiley, _c2012. |
||
| 300 |
_axxi, 166 pages : _billustrations ; _c24 cm. |
||
| 500 | _aIncludes indexes. | ||
| 520 | _aA proven decision-making system guides readers to the right choice every time Make Up Your Mind provides author Hal Mooz's proprietary system for decision making | ||
| 650 | _aDecision making. | ||
| 650 | _aThought and thinking. | ||
| 942 |
_cBK _2lcc _kFOR |
||
| 999 |
_c25347 _d25347 |
||